[Event "Chubut-ch"]
[Site "Puerto Madryn"]
[Date "2019.11.18"]
[Round "6.3"]
[White "Salamanca, Martin"]
[Black "Sabas, Jorge"]
[Result "1-0"]
[WhiteElo "1722"]
[BlackElo "2207"]
[PlyCount "65"]
[EventDate "2019.11.15"]
[EventType "swiss"]
[EventRounds "7"]
[EventCountry "ARG"]
[SourceTitle "EXT 2024"]
[Source "ChessBase"]
[SourceDate "2023.10.10"]
[SourceVersion "1"]
[SourceVersionDate "2023.10.10"]
[SourceQuality "1"]

1. e4 Nf6 2. Nc3 d5 3. exd5 Nxd5 4. d4 Nxc3 5. bxc3 e6 6. Nf3 Be7 7. Bd3 c5 8. 0-0 Nc6 9. Be3 Bf6 10. Bb5 0-0 11. Qd3 cxd4 12. cxd4 Nb4 13. Qd2 Nd5 14. c4 Nxe3 15. fxe3 a6 16. Ba4 b5 17. cxb5 Bd7 18. Rfe1 axb5 19. Bb3 Qb6 20. Qf2 Bc6 21. e4 Qb7 22. Qe3 Rfd8 23. Rad1 h6 24. Kh1 Rd7 25. d5 exd5 26. e5 Bg5 27. Nxg5 hxg5 28. Qxg5 Re8 29. Rd4 Re6 30. Bc2 f6 31. Qg6 Rxe5 32. Rxe5 fxe5 33. Qe8# 1-0

[Event "Chubut-ch"]
[Site "Puerto Madryn"]
[Date "2019.11.17"]
[Round "5.5"]
[White "Flores, Enzo"]
[Black "Salamanca, Martin"]
[Result "0-1"]
[WhiteElo "1372"]
[BlackElo "1722"]
[PlyCount "55"]
[EventDate "2019.11.15"]
[EventType "swiss"]
[EventRounds "7"]
[EventCountry "ARG"]
[SourceTitle "EXT 2024"]
[Source "ChessBase"]
[SourceDate "2023.10.10"]
[SourceVersion "1"]
[SourceVersionDate "2023.10.10"]
[SourceQuality "1"]

1. e4 c5 2. Nc3 d6 3. Bb5+ Nd7 4. a4 g6 5. f4 Bg7 6. Nf3 e6 7. d3 Ne7 8. 0-0 0-0 9. Bc4 Nc6 10. Bd2 Nd4 11. Nxd4 Bxd4+ 12. Kh1 Nb6 13. Bb3 a5 14. Qc1 d5 15. Ne2 Bg7 16. c3 Bd7 17. Ng3 Bc6 18. f5 c4 19. Bc2 cxd3 20. Bxd3 dxe4 21. Bxe4 Bxe4 22. Nxe4 exf5 23. Nc5 Qd5 24. Be3 Nc4 25. Rd1 Qc6 26. Bg1 Rad8 27. Qc2 f4 28. Qe2 0-1

[Event "Chubut-ch"]
[Site "Puerto Madryn"]
[Date "2019.11.16"]
[Round "3.5"]
[White "Barri, Marcelo Adrian"]
[Black "Salamanca, Martin"]
[Result "0-1"]
[WhiteElo "1444"]
[BlackElo "1722"]
[PlyCount "66"]
[EventDate "2019.11.15"]
[EventType "swiss"]
[EventRounds "7"]
[EventCountry "ARG"]
[SourceTitle "EXT 2024"]
[Source "ChessBase"]
[SourceDate "2023.10.10"]
[SourceVersion "1"]
[SourceVersionDate "2023.10.10"]
[SourceQuality "1"]

1. d4 g6 2. e4 Bg7 3. Nf3 c5 4. c3 cxd4 5. Nxd4 d6 6. Bb5+ Nd7 7. 0-0 Ngf6 8. Re1 0-0 9. Bg5 a6 10. Bd3 b5 11. f3 Bb7 12. Qd2 Ne5 13. Bf1 Re8 14. Na3 Qc7 15. Rac1 Nc4 16. Nxc4 bxc4 17. Nc2 e6 18. Na3 d5 19. e5 Nd7 20. f4 Nc5 21. Qd4 Bf8 22. Bh4 Nd3 23. b4 Nxc1 24. Rxc1 Bc6 25. Bf2 a5 26. Nc2 axb4 27. Nxb4 Bxb4 28. cxb4 Rxa2 29. h4 Rb8 30. Be1 Qa7 31. Qxa7 Rxa7 32. Bf2 Rab7 33. Bc5 Rxb4 0-1

[Event "Trelew op"]
[Site "Trelew"]
[Date "2019.08.17"]
[Round "2"]
[White "Salamanca, Martin"]
[Black "Arias, Juan Cruz"]
[Result "0-1"]
[WhiteElo "1726"]
[BlackElo "2237"]
[PlyCount "48"]
[EventDate "2019.08.16"]
[EventType "swiss"]
[EventRounds "7"]
[EventCountry "ARG"]
[SourceTitle "EXT 2020"]
[Source "ChessBase"]
[SourceDate "2019.10.17"]
[SourceVersion "1"]
[SourceVersionDate "2019.10.17"]
[SourceQuality "1"]

1. e4 c6 2. d4 d5 3. exd5 cxd5 4. Bd3 Nc6 5. Ne2 g6 6. 0-0 Bg7 7. c3 Nf6 8. Bf4 0-0 9. Nd2 Bg4 10. h3 Bf5 11. Bxf5 gxf5 12. Nf3 e6 13. Qc1 Kh8 14. Ne5 Nd7 15. Nd3 Qe7 16. Ng3 Rg8 17. Nh5 f6 18. Bh6 Bxh6 19. Qxh6 Rg6 20. Qf4 e5 21. Qh4 Rag8 22. dxe5 fxe5 23. g3 Qf7 24. f3 Rg5 0-1

[Event "ARG-ch U14"]
[Site "Villa Martelli"]
[Date "2018.02.11"]
[Round "5.2"]
[White "Aguilar Samper, Valentin"]
[Black "Salamanca, Martin"]
[Result "1-0"]
[WhiteElo "1810"]
[BlackElo "1699"]
[PlyCount "95"]
[EventDate "2018.02.09"]
[EventType "swiss"]
[EventRounds "9"]
[EventCountry "ARG"]
[SourceTitle "EXT 2024"]
[Source "ChessBase"]
[SourceDate "2023.10.10"]
[SourceVersion "1"]
[SourceVersionDate "2023.10.10"]
[SourceQuality "1"]

1. Nf3 Nf6 2. g3 g6 3. Bg2 Bg7 4. c4 0-0 5. 0-0 d6 6. d4 Nbd7 7. Nc3 Re8 8. e4 e5 9. dxe5 dxe5 10. Qe2 c6 11. b3 Qc7 12. Bb2 Nf8 13. Rad1 Bg4 14. h3 Bxf3 15. Qxf3 Ne6 16. Ne2 Rad8 17. Qc3 Rxd1 18. Rxd1 Nc5 19. Qe3 Qb6 20. Nc3 Nfd7 21. Bf3 Qc7 22. Bg4 a6 23. Na4 Ne6 24. Bxe6 Rxe6 25. Qd3 Nf8 26. Nc5 Re8 27. Bc3 Bf6 28. Nd7 Nxd7 29. Qxd7 Qb8 30. Qd6 Qd8 31. Qxd8 Bxd8 32. Bxe5 Rxe5 33. Rxd8+ Kg7 34. f3 Ra5 35. Rd2 b5 36. cxb5 cxb5 37. Kf2 Ra3 38. Ke3 a5 39. Rd5 b4 40. Rd2 a4 41. Rb2 f5 42. Kd4 axb3 43. axb3 Ra8 44. Kc4 Rb8 45. e5 h5 46. h4 Kf7 47. Rd2 Ke6 48. f4 1-0

[Event "ARG-ch U14"]
[Site "Villa Martelli"]
[Date "2018.02.09"]
[Round "2.5"]
[White "Ciapetta, Agustin"]
[Black "Salamanca, Martin"]
[Result "0-1"]
[WhiteElo "1511"]
[BlackElo "1699"]
[PlyCount "36"]
[EventDate "2018.02.09"]
[EventType "swiss"]
[EventRounds "9"]
[EventCountry "ARG"]
[SourceTitle "EXT 2024"]
[Source "ChessBase"]
[SourceDate "2023.10.10"]
[SourceVersion "1"]
[SourceVersionDate "2023.10.10"]
[SourceQuality "1"]

1. e4 e6 2. d4 d5 3. exd5 exd5 4. Nf3 Bd6 5. Be2 Ne7 6. 0-0 Nbc6 7. Nc3 a6 8. Be3 f6 9. Qd2 0-0 10. a3 Be6 11. b4 Qd7 12. b5 Nd8 13. a4 Nf7 14. a5 h6 15. Bd3 Bg4 16. Qe2 Ng5 17. Rfb1 Bxf3 18. gxf3 Qh3 0-1